000
00172nam a22000857a 4500
082
_a
823
100
_a
CBSE
245
_a
CBSE UPDATE "COMPENDIUM OF CBSE CIRCULARS"
942
_c
BK
999
_c
8448
_d
8448